000 00331nam a2200145Ia 4500
100 _aAtthreya/N.H
942 _cBK
654 _aculture
245 _aSpiritual culture in the corporate drama
260 _bMMC School Of Management
_aMumbai
_c1997
082 _a658.314
_bATT
300 _a126
546 _aENGLISH
999 _c35718
_d35718